Department of State 1963; (Record no. 90089)
[ view plain ]
| 000 -LEADER | |
|---|---|
| fixed length control field | 01007cam a22002771 4500 |
| 001 - CONTROL NUMBER | |
| control field | sd 63000004 |
| 003 - CONTROL NUMBER IDENTIFIER | |
| control field | DLC |
| 005 - DATE AND TIME OF LATEST TRANSACTION | |
| control field | 20260227112736.0 |
| 008 - FIXED-LENGTH DATA ELEMENTS--GENERAL INFORMATION | |
| fixed length control field | 920514s1963 dcuac f000 0 eng |
| 010 ## - LIBRARY OF CONGRESS CONTROL NUMBER | |
| LC control number | sd 63000004 |
| 035 ## - SYSTEM CONTROL NUMBER | |
| System control number | (OCoLC)26126748 |
| 040 ## - CATALOGING SOURCE | |
| Original cataloging agency | DLC |
| Transcribing agency | NNC-L |
| Modifying agency | DLC |
| 042 ## - AUTHENTICATION CODE | |
| Authentication code | premarc |
| 043 ## - GEOGRAPHIC AREA CODE | |
| Geographic area code | n-us--- |
| 050 00 - LIBRARY OF CONGRESS CALL NUMBER | |
| Classification number | JX1706 |
| Item number | .A4 1963 |
| 082 0# - DEWEY DECIMAL CLASSIFICATION NUMBER | |
| Classification number | 353.1 |
| 110 1# - MAIN ENTRY--CORPORATE NAME | |
| Corporate name or jurisdiction name as entry element | United States. |
| Subordinate unit | Department of State. |
| -- | Office of Media Services. |
| 245 10 - TITLE STATEMENT | |
| Title | Department of State 1963; |
| Remainder of title | a report to the citizen. |
| 260 ## - PUBLICATION, DISTRIBUTION, ETC. | |
| Place of publication, distribution, etc. | [Washington, |
| Name of publisher, distributor, etc. | U.S. Dept. of State; |
| -- | for sale by the Superintendent of Documents, U.S. Govt. Print. Off., |
| Date of publication, distribution, etc. | 1963] |
| 300 ## - PHYSICAL DESCRIPTION | |
| Extent | 150 p. |
| Other physical details | illus., ports. |
| Dimensions | 30 cm. |
| 440 #0 - SERIES STATEMENT/ADDED ENTRY--TITLE | |
| Title | Department of State publication ; |
| Volume/sequential designation | 7530 |
| 490 1# - SERIES STATEMENT | |
| Series statement | General foreign policy series ; |
| Volume/sequential designation | 187 |
| 610 10 - SUBJECT ADDED ENTRY--CORPORATE NAME | |
| Corporate name or jurisdiction name as entry element | United States. |
| Subordinate unit | Department of State. |
| 651 #0 - SUBJECT ADDED ENTRY--GEOGRAPHIC NAME | |
| Geographic name | United States |
| General subdivision | Foreign relations |
| Chronological subdivision | 1961-1963 |
| 830 #0 - SERIES ADDED ENTRY--UNIFORM TITLE | |
| Uniform title | Department of State publication. |
| Name of part/section of a work | General foreign policy series ; |
| Volume/sequential designation | 187. |
No items available.